[Event "45th Capablanca Mem Open"]
[Site "Havana CUB"]
[Date "2010.06.18"]
[Round "8"]
[White "Osorio,F"]
[Black "Romero Echeverria,A"]
[Result "1-0"]
[WhiteElo "2232"]
[BlackElo "2054"]
[EventDate "2010.06.10"]

1. e4 c5 2. Nc3 e6 3. Nge2 Nc6 4. g3 d5 5. exd5 exd5 6. Bg2 Nf6 7. d4 cxd4
8. Nxd4 Be7 9. O-O O-O 10. h3 Nxd4 11. Qxd4 Be6 12. Be3 Qd7 13. g4 Rfd8 14.
Rad1 h5 15. g5 Ne4 16. Nxe4 dxe4 17. Qxd7 Bxd7 18. Bxe4 Bxh3 19. Rfe1 Be6
20. b3 Bb4 21. Rf1 Bh3 22. Rxd8+ Rxd8 23. Rc1 b6 24. c3 Be7 25. a4 Be6 26.
b4 Bd5 27. Bd3 Bf3 28. Bc4 g6 29. Kf1 Bc6 30. b5 Ba8 31. a5 Rc8 32. Ba2 Bc5
33. Rd1 Bf3 34. Rd7 Bxe3 35. Rxf7 Kh8 36. fxe3 Be4 37. Rxa7 bxa5 38. c4
Rf8+ 39. Kg1 Rd8 40. Bb3 h4 41. c5 h3 42. Be6 Rd1+ 43. Kh2 Rh1+ 44. Kg3 h2
45. c6 Rc1 46. Kxh2 Bxc6 47. bxc6 Rxc6 48. Bd5 1-0

[Event "45th Capablanca Mem Open"]
[Site "Havana CUB"]
[Date "2010.06.18"]
[Round "8"]
[White "Ubaldo Suarez,M"]
[Black "Guillen Ramirez,J"]
[Result "1-0"]
[WhiteElo "2041"]
[BlackElo "2223"]
[EventDate "2010.06.10"]

1. d4 Nf6 2. c4 e6 3. Nc3 Bb4 4. Qc2 c5 5. e3 d5 6. a3 Bxc3+ 7. Qxc3 Nbd7
8. Nf3 O-O 9. dxc5 Nxc5 10. cxd5 Nce4 11. Qd4 exd5 12. Bd3 Re8 13. O-O Bg4
14. Nd2 a6 15. f3 Nxd2 16. Bxd2 Bh5 17. Bc3 Bg6 18. Bxg6 hxg6 19. Rad1 Rc8
20. Rfe1 Qc7 21. Qh4 Qc6 22. Rd3 Qe6 23. Red1 Rc4 24. Qf2 b5 25. h3 Qb6 26.
Qd2 Kh7 27. Kf2 Qc7 28. Qe1 Qc6 29. Qe2 Rc8 30. R1d2 Re8 31. g4 Qc7 32. Kg2
Qe7 33. Qf2 g5 34. Rd1 Rc6 35. h4 Kg8 36. hxg5 Nh7 37. f4 Re6 38. Bd2 Rg6
39. Qf3 Rc8 40. Qxd5 Nxg5 41. fxg5 Rxg5 42. Qf3 Qe6 43. Rd4 Rc4 44. Rxc4
bxc4 45. Rh1 Rxg4+ 46. Kf2 f6 47. Rg1 1-0

[Event "45th Capablanca Mem Open"]
[Site "Havana CUB"]
[Date "2010.06.18"]
[Round "8"]
[White "Herrera Sosa,J"]
[Black "Rincon Gonzalez,Li"]
[Result "1/2-1/2"]
[WhiteElo "1971"]
[BlackElo "1847"]
[EventDate "2010.06.10"]

1. e4 c5 2. Nf3 Nc6 3. d4 cxd4 4. Nxd4 g6 5. Nc3 Bg7 6. Be3 Nf6 7. Be2 O-O
8. O-O d5 9. exd5 Nxd5 10. Nxc6 bxc6 1/2-1/2

[Event "45th Capablanca Mem Open"]
[Site "Havana CUB"]
[Date "2010.06.19"]
[Round "9"]
[White "Jimenez Fraga,P"]
[Black "Ortega,Mariano"]
[Result "1-0"]
[WhiteElo "2460"]
[BlackElo "2412"]
[EventDate "2010.06.10"]

1. e4 e5 2. Nf3 Nc6 3. d4 exd4 4. Nxd4 Bb4+ 5. c3 Bc5 6. Bc4 Nf6 7. O-O O-O
8. Nxc6 dxc6 9. Qxd8 Rxd8 10. Nd2 Re8 11. Bd3 Bg4 12. Re1 Rad8 13. Bc2 Bf5
14. h3 h6 15. Kf1 Be6 16. b3 Bb6 17. Nf3 c5 18. c4 Ba5 19. Re3 Nh5 20. Rd3
Rxd3 21. Bxd3 Bc3 22. Rb1 Bd7 23. Be3 b6 24. Rc1 Ba5 25. Nh4 Nf6 26. Rd1
Bc6 27. f3 h5 28. Bf4 g6 29. Bxc7 Bc3 30. Bf4 Kg7 31. Be3 Nh7 32. Kf2 Nf8
33. g3 Ne6 34. Ng2 g5 35. Rc1 Bb2 36. Rd1 a5 37. Bb1 Be5 38. f4 gxf4 39.
gxf4 Bd4 40. Nh4 Bxe3+ 41. Kxe3 Nd4 42. Rg1+ Kh6 43. e5 Bd7 44. Rg3 a4 45.
Nf3 Nf5+ 46. Bxf5 Bxf5 47. Ng5 Re7 48. Ne4 h4 49. Rg2 a3 50. Nd6 Bxh3 51.
Rh2 Bd7 52. Rxh4+ Kg7 53. Rh5 Re6 54. Nb5 Bxb5 55. cxb5 Re8 56. Rg5+ Kf8
57. Rf5 Ke7 58. Rf6 Rh8 59. Rxb6 Rh2 60. Ra6 Rxa2 61. Ra7+ Kd8 62. Ke4 Kc8
63. Kd5 Kb8 64. b6 Rf2 65. Rxf7 1-0

[Event "45th Capablanca Mem Open"]
[Site "Havana CUB"]
[Date "2010.06.19"]
[Round "9"]
[White "Galego,L"]
[Black "Ruiz Sanchez,O"]
[Result "1/2-1/2"]
[WhiteElo "2488"]
[BlackElo "2381"]
[EventDate "2010.06.10"]

1. e4 c5 2. Nf3 d6 3. g3 Nc6 4. Bg2 g6 5. d4 cxd4 6. Nxd4 Bg7 7. Nxc6 bxc6
8. O-O Qb6 9. Nc3 Nf6 10. Rb1 Bg4 11. Qd3 Nd7 12. Na4 Qa5 13. b3 Qh5 14. f3
Bh3 15. Be3 Bxg2 16. Kxg2 O-O 17. f4 Qa5 18. Bd2 Qc7 19. c4 Nb6 20. Nc3
Rfd8 21. Qf3 d5 22. cxd5 cxd5 23. e5 Rac8 24. Rbc1 Qd7 25. a4 e6 26. h4 Bf8
27. Nb5 a6 28. Nd4 Ba3 29. Rxc8 Rxc8 30. Qd3 Qb7 31. h5 Nd7 32. hxg6 hxg6
33. Nxe6 d4+ 34. Rf3 fxe6 35. Qxg6+ Kh8 36. Qh6+ Kg8 37. Qxe6+ Kh8 38. Qh6+
Kg8 39. e6 Nf8 40. f5 Qg7 41. Qxg7+ Kxg7 42. b4 Rc2 43. Rf2 d3 44. e7 Kf7
45. exf8=Q+ Kxf8 46. Kf3 Rb2 47. b5 axb5 48. axb5 Bc5 49. Rh2 Rxb5 50. Ke4
Bd6 51. Kxd3 Rxf5 52. Bf4 Bxf4 53. gxf4 Rxf4 1/2-1/2

[Event "45th Capablanca Mem Open"]
[Site "Havana CUB"]
[Date "2010.06.19"]
[Round "9"]
[White "Garcia Pantoja,R"]
[Black "Escobar Forero,A"]
[Result "1-0"]
[WhiteElo "2378"]
[BlackElo "2474"]
[EventDate "2010.06.10"]

1. e4 c5 2. Nf3 Nc6 3. Nc3 Nf6 4. Bb5 Qc7 5. O-O Nd4 6. Nxd4 cxd4 7. Nd5
Nxd5 8. exd5 Qc5 9. c4 a6 10. Ba4 Qxc4 11. Bb3 Qc7 12. d3 d6 13. Re1 h6 14.
Bd2 g5 15. Rc1 Qd8 16. Qe2 Bf5 17. f4 gxf4 18. Rf1 Bg7 19. Bxf4 Bg6 20.
Rce1 Qd7 21. Ba4 b5 22. Bd1 Ra7 23. Qd2 Rc7 24. Bf3 Rc5 25. Qe2 Kf8 26. Bg4
Qc7 27. Bg3 h5 28. Bf5 Bxf5 29. Rxf5 h4 30. Qe6 f6 31. Bf2 Rc1 32. Bxd4
Rxe1+ 33. Qxe1 Qd7 34. Rf4 h3 35. g4 Bh6 36. Rf5 Kf7 37. Qe4 Rc8 38. g5
Rc1+ 39. Kf2 Rc2+ 40. Kf3 Bg7 41. Qg4 Ke8 42. gxf6 exf6 43. Bxf6 Bxf6 44.
Qg8+ Ke7 45. Rh5 Qe8 46. Qe6+ Kd8 47. Qxf6+ Kc7 48. Rh7+ Kb6 49. Qxd6+ Ka5
50. Qa3+ Kb6 51. Rh6+ Kc7 52. Qd6+ 1-0

[Event "45th Capablanca Mem Open"]
[Site "Havana CUB"]
[Date "2010.06.19"]
[Round "9"]
[White "Martinez Duany,L"]
[Black "Quesada Perez,Y"]
[Result "1/2-1/2"]
[WhiteElo "2515"]
[BlackElo "2582"]
[EventDate "2010.06.10"]

1. Nf3 Nf6 2. c4 c6 3. Nc3 d5 4. d4 dxc4 5. a4 Bf5 6. e3 e6 7. Bxc4 Bb4 8.
O-O Nbd7 9. Qe2 Bg6 10. h3 O-O 11. Rd1 Ne4 12. Nxe4 Bxe4 13. Nd2 Bc2 14.
Rf1 Nb6 15. Nb3 Bg6 16. Bd3 Bxd3 17. Qxd3 c5 18. Qe4 c4 19. Nc5 Bxc5 20.
dxc5 Qd5 21. Qxd5 Nxd5 22. e4 Nb4 23. a5 Nd3 24. Ra4 c3 25. bxc3 Rfc8 26.
Be3 Nxc5 27. Rb4 Rab8 28. Rd1 h6 29. f3 b6 30. axb6 Rxb6 31. Ra1 Ra6 32.
Rxa6 Nxa6 33. Rb3 Nc5 34. Ra3 a6 35. Kf2 Rc6 36. Ke2 Nb7 37. Kd3 Nd6 38.
Ra4 f6 39. c4 Kf7 40. c5 Nb7 41. Kc4 Ke7 42. Kb4 h5 43. h4 Nd8 44. Ra2 e5
45. Kc4 Ne6 46. g3 Nc7 47. f4 exf4 48. gxf4 Re6 49. Kd3 Kd7 50. f5 Re7 51.
Bf4 Kc6 52. Bd6 Re8 53. Bxc7 Kxc7 54. Rxa6 Rb8 55. Ra7+ Kc6 56. Rxg7 Kxc5
57. Ke3 Rb3+ 58. Kf4 Rh3 59. Re7 Rxh4+ 60. Kg3 Rh1 61. Re6 Kd4 62. Kg2 Rh4
63. Kf3 Rh3+ 1/2-1/2

[Event "45th Capablanca Mem Open"]
[Site "Havana CUB"]
[Date "2010.06.19"]
[Round "9"]
[White "Abreu Delgado,A"]
[Black "Fernandez Cardoso,A"]
[Result "1/2-1/2"]
[WhiteElo "2482"]
[BlackElo "2416"]
[EventDate "2010.06.10"]

1. e4 c5 2. Nf3 Nc6 3. d4 cxd4 4. Nxd4 Nf6 5. Nc3 e5 6. Ndb5 d6 7. Bg5 a6
8. Na3 b5 9. Nd5 Be7 10. Bxf6 Bxf6 11. c3 Bg5 12. Nc2 Rb8 13. a4 bxa4 14.
Ncb4 Nxb4 15. cxb4 O-O 16. Rxa4 a5 17. b5 Kh8 18. Bc4 g6 19. O-O f5 20. b4
axb4 21. Nxb4 Qf6 22. Qd3 fxe4 23. Qxe4 Bf5 24. Qe2 e4 25. Rd1 Bd7 26. Ra6
e3 27. fxe3 Qe5 28. Nd5 Be6 29. e4 Bh4 30. Qd3 Bg4 31. Rb1 Bf2+ 32. Kh1 Bc5
33. Qc3 Bd4 34. Qd3 Qg7 35. h3 Rbe8 36. hxg4 Rxe4 37. Ra3 Qe5 38. Qg3 Qg5
39. Rf3 Rfe8 40. Qh3 Rxg4 41. g3 Be5 42. Ne3 Rxg3 43. Rxg3 Bxg3 44. Nf1 Be5
45. Bd5 Bd4 46. Bg2 Re4 47. Nh2 Rh4 48. Qc8+ Kg7 49. Qd7+ Kh6 50. Qxd6 Bc5
51. Qd3 Be3 52. Qd6 Qf4 53. Qxf4+ Bxf4 54. Rb3 Bxh2 1/2-1/2

[Event "45th Capablanca Mem Open"]
[Site "Havana CUB"]
[Date "2010.06.19"]
[Round "9"]
[White "Alarcon Casellas,Rol"]
[Black "De la Paz Perdomo,F"]
[Result "0-1"]
[WhiteElo "2410"]
[BlackElo "2477"]
[EventDate "2010.06.10"]

1. e4 e5 2. Nf3 Nc6 3. Bc4 Bc5 4. O-O Nf6 5. d4 exd4 6. e5 d5 7. exf6 dxc4
8. Re1+ Be6 9. Ng5 Qd5 10. Nc3 Qf5 11. Nce4 Bb6 12. g4 Qg6 13. Nxe6 fxe6
14. f7+ Kd7 15. a4 a5 16. Nd2 Raf8 17. Nxc4 Rxf7 18. b4 axb4 19. f4 h5 20.
a5 Ba7 21. g5 Rhf8 22. Kg2 Rf5 23. Qd3 Qf7 24. Bd2 e5 25. fxe5 Qd5+ 26. Kg1
Rf2 27. e6+ Ke7 28. Re4 R8f3 29. Be3 Re2 30. Rf1 Rexe3 0-1

[Event "45th Capablanca Mem Open"]
[Site "Havana CUB"]
[Date "2010.06.19"]
[Round "9"]
[White "Ordaz Valdes,L"]
[Black "Fernandez Garcia,JoseL1"]
[Result "1/2-1/2"]
[WhiteElo "2307"]
[BlackElo "2430"]
[EventDate "2010.06.10"]

1. d4 Nf6 2. c4 g6 3. Nc3 d5 4. cxd5 Nxd5 5. Bd2 Bg7 6. e4 Nb6 7. Be3 O-O
8. h3 c5 9. dxc5 Bxc3+ 10. bxc3 N6d7 11. Bc4 Qa5 12. Ne2 Ne5 13. Bd5 e6 14.
Qd4 f6 15. f4 Nec6 16. Bxc6 Nxc6 17. Qd2 Qa4 18. Nd4 e5 19. Nxc6 bxc6 20.
O-O Ba6 21. Rf3 Rad8 22. Qb2 Rb8 23. Qc1 Qxe4 24. fxe5 fxe5 25. Rxf8+ Kxf8
26. Bh6+ Kf7 27. Qa3 Rb1+ 28. Rxb1 Qxb1+ 29. Kh2 Qb5 30. c4 Qxc4 31. Qf3+
Ke7 32. Qxc6 Qe6 33. Bg5+ Kf7 34. Qc7+ Ke8 35. c6 Bc8 36. Qxa7 h6 37. Bxh6
Qxc6 38. Bg5 Bb7 39. Qf2 Qe4 40. Bh6 Bd5 41. a4 Kd7 42. a5 Bb7 43. Bg5 Qd5
44. Qd2 Qxd2 45. Bxd2 Kc6 46. g4 Kb5 47. Kg3 Ka6 48. h4 Bc8 49. Bc3 Bd7 50.
Kf3 Kb5 51. Be1 Ka6 1/2-1/2

[Event "45th Capablanca Mem Open"]
[Site "Havana CUB"]
[Date "2010.06.19"]
[Round "9"]
[White "Gonzalez Vidal,Y"]
[Black "Gomez Fontal,F"]
[Result "0-1"]
[WhiteElo "2543"]
[BlackElo "2376"]
[EventDate "2010.06.10"]

1. d4 Nf6 2. c4 c6 3. Nc3 d5 4. Nf3 dxc4 5. a4 Bf5 6. Ne5 Nbd7 7. Nxc4 Nb6
8. Ne5 a5 9. e3 e6 10. g4 Bg6 11. h4 Bb4 12. f3 Nfd5 13. Bd2 f6 14. Nxg6
hxg6 15. e4 Ne7 16. Be3 Qc7 17. Qb3 Qg3+ 18. Ke2 Rxh4 19. Bf2 Rh2 20. Rxh2
Qxh2 21. Qxe6 Rd8 22. Ke1 Kf8 23. Qb3 Ned5 24. Rd1 Nf4 25. Rc1 Qh1 26. Qd1
Nxa4 27. Kd2 Nxb2 0-1

[Event "45th Capablanca Mem Open"]
[Site "Havana CUB"]
[Date "2010.06.19"]
[Round "9"]
[White "Janssen,Ru"]
[Black "Macias Murillo,B"]
[Result "0-1"]
[WhiteElo "2524"]
[BlackElo "2347"]
[EventDate "2010.06.10"]

1. c4 c5 2. Nf3 Nf6 3. Nc3 e6 4. g3 b6 5. Bg2 Bb7 6. O-O d6 7. Re1 Nbd7 8.
e4 a6 9. d4 cxd4 10. Nxd4 Qc7 11. Be3 Be7 12. Rc1 O-O 13. f4 Rac8 14. f5 e5
15. Nb3 Qb8 16. Nd5 Bd8 17. Kh1 b5 18. c5 dxc5 19. Nxc5 Nxc5 20. Bxc5 Re8
21. b4 Bc6 22. Rc3 Nd7 23. Qg4 Nxc5 24. Rxc5 Bd7 25. Rec1 Qb7 26. h4 h6 27.
Kh2 Kh7 28. Rxc8 Bxc8 29. Qf3 Qd7 30. f6 gxf6 31. Nxf6+ Bxf6 32. Qxf6 Qe6
33. Qf2 Kg7 34. Qd2 Qf6 35. Qc3 Bg4 36. Qc7 Rc8 0-1

[Event "45th Capablanca Mem Open"]
[Site "Havana CUB"]
[Date "2010.06.19"]
[Round "9"]
[White "Leyva Rivera,Y"]
[Black "Hevia Alejano,C"]
[Result "1-0"]
[WhiteElo "2384"]
[BlackElo "2507"]
[EventDate "2010.06.10"]

1. d4 Nf6 2. c4 c5 3. d5 e6 4. Nc3 exd5 5. cxd5 d6 6. Nf3 g6 7. Bf4 a6 8.
e4 b5 9. Qe2 Be7 10. O-O-O O-O 11. e5 Nh5 12. Bh6 Re8 13. e6 fxe6 14. dxe6
Bf6 15. Ne4 Rxe6 16. Qd2 Bb7 17. Nxd6 Bc6 18. Be2 Be7 19. Nc4 Qxd2+ 20.
Rxd2 Nd7 21. Rhd1 Bf8 22. Be3 Ndf6 23. Nce5 Be8 24. g4 Ng7 25. h3 Be7 26.
Kb1 Ne4 27. Rd5 Rc8 28. a4 Nf6 29. R5d2 Ne4 30. Rd5 c4 31. Nd4 Rd6 32. Rxd6
Bxd6 33. Bf3 Bxe5 34. Bxe4 Rd8 35. f4 Bf6 36. axb5 axb5 37. Bf3 Be7 38. Kc1
Rd6 39. Nc2 Ra6 40. Bb7 Ra4 41. Bd5+ Kf8 42. Bd4 Bd6 43. Kb1 h6 44. Ne3
Bxf4 45. Bc5+ 1-0

[Event "45th Capablanca Mem Open"]
[Site "Havana CUB"]
[Date "2010.06.19"]
[Round "9"]
[White "Cabrera Trujillo,J"]
[Black "Bacallao Alonso,Y"]
[Result "1/2-1/2"]
[WhiteElo "2361"]
[BlackElo "2500"]
[EventDate "2010.06.10"]

1. e4 c6 2. d4 d5 3. Nc3 dxe4 4. Nxe4 Nd7 5. Ng5 Ngf6 6. N1f3 h6 7. Nh3 g5
8. Nd2 c5 9. dxc5 Nxc5 10. Bb5+ Bd7 11. Bxd7+ Qxd7 12. O-O Bg7 13. Nb3 Qxd1
14. Rxd1 Na4 15. f4 g4 16. Nf2 O-O 17. Nd4 Rfd8 18. Nf5 Bf8 19. b3 Nc3 20.
Rxd8 Rxd8 21. Bb2 Rc8 22. Ne3 h5 23. g3 b5 24. Bxc3 Rxc3 25. Nfd1 Rc6 26.
c4 b4 27. a3 bxa3 28. Rxa3 a6 29. b4 Rb6 30. Ra4 e6 31. c5 Rb8 32. Nc2 Nd5
33. Nde3 Nxe3 34. Nxe3 a5 35. Rxa5 Rxb4 36. c6 Rb1+ 37. Kg2 Rc1 38. Rxh5 f5
39. h3 gxh3+ 1/2-1/2

[Event "45th Capablanca Mem Open"]
[Site "Havana CUB"]
[Date "2010.06.19"]
[Round "9"]
[White "Fernando,D"]
[Black "Linares Napoles,O"]
[Result "1-0"]
[WhiteElo "2494"]
[BlackElo "2322"]
[EventDate "2010.06.10"]

1. c4 Nf6 2. Nc3 g6 3. g3 Bg7 4. Bg2 O-O 5. Nf3 d6 6. O-O Nbd7 7. d3 e5 8.
Rb1 a5 9. a3 Nc5 10. b4 axb4 11. axb4 Ne6 12. Ng5 Nxg5 13. Bxg5 h6 14. Bxf6
Bxf6 15. Qb3 Rb8 16. Ra1 Be6 17. b5 Qc8 18. Qb4 Re8 19. b6 c5 20. Qb3 Bg7
21. Ra7 Bd7 22. Rfa1 Bg4 23. R1a2 f5 24. Nb5 Rd8 25. h3 Bh5 26. Bd5+ Kh7
27. Nc7 Qd7 28. Rxb7 f4 29. g4 Bxg4 30. hxg4 Qxg4+ 31. Kf1 e4 32. dxe4 Rxb7
33. Bxb7 Rb8 34. Ra7 Bd4 35. Qf3 1-0

[Event "45th Capablanca Mem Open"]
[Site "Havana CUB"]
[Date "2010.06.19"]
[Round "9"]
[White "Juarez Flores,C"]
[Black "Gongora Reyes,M"]
[Result "1/2-1/2"]
[WhiteElo "2374"]
[BlackElo "2471"]
[EventDate "2010.06.10"]

1. d4 d5 2. c4 c6 3. Nf3 Nf6 4. Nc3 a6 5. cxd5 cxd5 6. Bf4 Nc6 7. e3 Bg4 8.
Be2 e6 9. Rc1 Bd6 10. Bg3 O-O 11. O-O Rc8 12. Nd2 Bf5 13. Nb3 1/2-1/2

[Event "45th Capablanca Mem Open"]
[Site "Havana CUB"]
[Date "2010.06.19"]
[Round "9"]
[White "Marrero Lopez,Yan"]
[Black "Ris,R"]
[Result "1/2-1/2"]
[WhiteElo "2316"]
[BlackElo "2426"]
[EventDate "2010.06.10"]

1. e4 e5 2. Nf3 Nc6 3. Bb5 Bc5 4. c3 f5 5. Nxe5 Nxe5 6. d4 c6 7. Be2 fxe4
8. dxc5 Qe7 9. Qd4 Nf3+ 10. gxf3 exf3 11. Qe3 fxe2 12. Rg1 Kf7 13. Qxe7+
Nxe7 14. Na3 1/2-1/2

[Event "45th Capablanca Mem Open"]
[Site "Havana CUB"]
[Date "2010.06.19"]
[Round "9"]
[White "Alonso Bouza,Julio"]
[Black "Alonso Moyano,J"]
[Result "0-1"]
[WhiteElo "2268"]
[BlackElo "2399"]
[EventDate "2010.06.10"]

1. e4 c5 2. Nf3 d6 3. d4 cxd4 4. Nxd4 Nf6 5. Nc3 a6 6. Bc4 e6 7. O-O b5 8.
Bb3 Be7 9. Be3 O-O 10. f4 Qc7 11. a3 Nbd7 12. f5 Nc5 13. Ba2 e5 14. Nde2
Ncxe4 15. Nxe4 Nxe4 16. Ng3 Nf6 17. Nh5 Bb7 18. Bg5 Nxh5 19. Qxh5 Bxg5 20.
Qxg5 h6 21. Qg3 Kh7 22. Rad1 Qxc2 23. f6 g6 24. Bb1 Qc6 25. h4 Rae8 26. h5
e4 27. hxg6+ fxg6 28. Rxd6 Qc5+ 29. Kh2 Rf7 30. Ba2 Re5 31. Qf4 Rh5+ 32.
Kg3 Rg5+ 33. Kh2 e3 34. g4 Qc2+ 35. Kg3 Qg2+ 36. Kh4 Rh5+ 0-1

[Event "45th Capablanca Mem Open"]
[Site "Havana CUB"]
[Date "2010.06.19"]
[Round "9"]
[White "Quesada Vera,L"]
[Black "Rodriguez Garcia,V"]
[Result "1-0"]
[WhiteElo "2308"]
[BlackElo "2377"]
[EventDate "2010.06.10"]

1. e4 c5 2. c3 Nf6 3. e5 Nd5 4. d4 cxd4 5. Nf3 Nc6 6. Bc4 Nb6 7. Bb3 d5 8.
exd6 Qxd6 9. O-O Bf5 10. Nxd4 Nxd4 11. cxd4 e6 12. Nc3 Be7 13. Qf3 O-O 14.
d5 Qe5 15. Bf4 Qf6 16. d6 Bd8 17. Qxb7 e5 18. Bg3 Qxd6 19. Rfe1 Bf6 20.
Rad1 Qc5 21. Ne4 Bxe4 22. Qxe4 Rfe8 23. Qf5 Qe7 24. Rd3 Rac8 25. h3 Rc5 26.
Rde3 g6 27. Qe4 Kg7 28. f4 Bh4 29. Bxh4 Qxh4 30. fxe5 Qxe4 31. Rxe4 Re7 32.
e6 fxe6 33. Rxe6 Rxe6 34. Rxe6 Rc7 35. Kf2 Nc4 36. Re2 Nd6 37. g4 g5 38.
Kf3 h6 39. Rd2 Nb7 40. Bd5 Rd7 41. Ke4 Nd6+ 42. Kd4 Ne8 43. Kc5 Nf6 44. Kc6
Re7 45. Bg2 Re6+ 46. Kb5 Kf8 47. b4 Ke7 48. a4 Rb6+ 49. Kc4 Rb8 50. b5 Ne8
51. Bc6 Nd6+ 52. Kc5 Rd8 53. Re2+ Kf8 54. Re6 Nf7 55. Bd5 Rc8+ 56. Rc6 Re8
57. Rf6 Rc8+ 58. Kd4 1-0

[Event "45th Capablanca Mem Open"]
[Site "Havana CUB"]
[Date "2010.06.19"]
[Round "9"]
[White "Castellanos Sanchez,C"]
[Black "Vega,L"]
[Result "1/2-1/2"]
[WhiteElo "2299"]
[BlackElo "2357"]
[EventDate "2010.06.10"]

1. e4 c5 2. Nf3 Nc6 3. d4 cxd4 4. Nxd4 e5 5. Nb5 d6 6. a4 a6 7. N5c3 Nf6 8.
Bc4 Be7 9. O-O O-O 10. Bg5 Be6 11. Bxf6 Bxc4 12. Bxe7 Nxe7 13. Re1 Rc8 14.
Nd2 Be6 15. Nf1 Qb6 16. Qc1 f5 17. a5 Qc5 18. exf5 Nxf5 19. Ne3 d5 20. Nxf5
Rxf5 21. Re2 Rcf8 22. Qe1 e4 23. Ra3 Bd7 24. Nd1 R5f6 25. Rg3 Bb5 26. b4
Qc4 27. Rge3 Bd7 28. c3 Bg4 29. Rd2 Qc6 30. Rg3 Bxd1 31. Qxd1 Rf5 32. Qe1
h6 33. Qe3 R8f6 34. Qd4 Kh7 35. Re3 Qc7 36. c4 Qxc4 37. Qxc4 dxc4 38. Rxe4
c3 39. Rc2 Rc6 40. Kf1 Rd5 41. Ke2 Kg6 42. Ke3 Rd1 43. Ke2 Rb1 44. f3 Kf6
45. Kd3 Rd1+ 46. Ke2 Rb1 47. Kd3 Rd1+ 48. Ke2 Rg1 49. Kd3 1/2-1/2

[Event "45th Capablanca Mem Open"]
[Site "Havana CUB"]
[Date "2010.06.19"]
[Round "9"]
[White "Ostos,J"]
[Black "Arias,Le"]
[Result "1-0"]
[WhiteElo "2273"]
[BlackElo "2355"]
[EventDate "2010.06.10"]

1. e4 c5 2. Nf3 e6 3. Nc3 a6 4. d4 cxd4 5. Nxd4 b5 6. Bd3 d6 7. O-O Nf6 8.
a4 b4 9. Na2 Bb7 10. Qe2 a5 11. c3 bxc3 12. Nxc3 Be7 13. Bb5+ Nbd7 14. Nc6
Bxc6 15. Bxc6 Rc8 16. Bb5 O-O 17. Rd1 Qb6 18. Be3 Nc5 19. f3 Qb8 20. Rab1
Rfd8 21. b4 axb4 22. Rxb4 d5 23. Rbb1 Qc7 24. exd5 exd5 25. Kh1 Ne6 26.
Rbc1 d4 27. Nd5 Nxd5 28. Rxc7 Rxc7 29. Bd2 Nc3 30. Bxc3 Rxc3 31. a5 Bb4 32.
a6 Re3 33. Qxe3 1-0

[Event "45th Capablanca Mem Open"]
[Site "Havana CUB"]
[Date "2010.06.19"]
[Round "9"]
[White "Guerra Tulcan,L"]
[Black "Fuentes Dominguez,F"]
[Result "1/2-1/2"]
[WhiteElo "2354"]
[BlackElo "2253"]
[EventDate "2010.06.10"]

1. e4 c5 2. Nf3 d6 3. c4 Nc6 4. d4 cxd4 5. Nxd4 Nf6 6. Nc3 g6 7. Be2 Bg7 8.
Be3 O-O 9. O-O Nxd4 10. Bxd4 Be6 11. Rc1 a6 12. Qd2 Qa5 13. Qe3 Nd7 14.
Bxg7 Kxg7 15. f4 Rac8 16. b3 Qc5 17. Qxc5 Nxc5 18. f5 Bd7 19. b4 Na4 20.
Nd5 f6 21. fxg6 hxg6 22. Rfd1 Kf7 23. h4 Rh8 24. g3 b5 25. cxb5 Bxb5 26.
Bg4 Rc4 27. Rxc4 Bxc4 28. Bd7 Bxd5 29. exd5 Nc3 30. Be6+ Kg7 31. Rd2 f5 32.
Rc2 Nb5 33. a4 Nd4 34. Rc7 Rb8 35. Rxe7+ Kf6 36. Rd7 Rxb4 37. Rxd6 Rxa4 38.
Bc8+ Ke5 39. Rxg6 Ra1+ 40. Kf2 Ra2+ 41. Ke3 Ra3+ 42. Kd2 Kxd5 43. Bxa6 Ra2+
44. Ke3 Ke5 45. Bd3 Rg2 46. h5 Rxg3+ 47. Rxg3 f4+ 48. Kf2 fxg3+ 49. Kxg3
Kf6 50. h6 Nc6 51. Kf4 Ne5 52. h7 Nxd3+ 53. Ke3 Kg7 54. h8=Q+ Kxh8 55. Kxd3
1/2-1/2

[Event "45th Capablanca Mem Open"]
[Site "Havana CUB"]
[Date "2010.06.19"]
[Round "9"]
[White "Mena Crespo,C"]
[Black "Pazos Gambarrotti,P"]
[Result "1/2-1/2"]
[WhiteElo "2337"]
[BlackElo "2296"]
[EventDate "2010.06.10"]

1. Nf3 e6 2. c4 d5 3. d4 c6 4. Qc2 Nf6 5. g3 Be7 6. Bg2 O-O 7. O-O Nbd7 8.
Nbd2 Re8 9. e4 dxe4 10. Nxe4 Nxe4 11. Qxe4 Nf6 12. Qe2 1/2-1/2

[Event "45th Capablanca Mem Open"]
[Site "Havana CUB"]
[Date "2010.06.19"]
[Round "9"]
[White "Pina Vega,S"]
[Black "Campos Vila,M"]
[Result "1/2-1/2"]
[WhiteElo "2336"]
[BlackElo "2178"]
[EventDate "2010.06.10"]

1. Nf3 Nf6 2. g3 g6 3. Bg2 Bg7 4. O-O O-O 5. d3 d6 6. e4 e5 7. h3 c6 8. c3
Qc7 9. Qc2 Re8 10. Bg5 Nbd7 11. Nbd2 h6 12. Bxf6 Nxf6 1/2-1/2

[Event "45th Capablanca Mem Open"]
[Site "Havana CUB"]
[Date "2010.06.19"]
[Round "9"]
[White "Figueredo Losada,L"]
[Black "Miranda Llanes,Y"]
[Result "1/2-1/2"]
[WhiteElo "2335"]
[BlackElo "2170"]
[EventDate "2010.06.10"]

1. d4 d5 2. Nf3 Nf6 3. c4 c6 4. e3 e6 5. Bd3 Nbd7 6. Nbd2 Bd6 7. e4 dxe4 8.
Nxe4 Nxe4 9. Bxe4 Nf6 10. Bc2 c5 11. O-O cxd4 12. Qxd4 Be7 13. Qh4 Qc7 14.
b3 Bd7 15. Bf4 Bd6 16. Bxd6 Qxd6 17. Rfd1 Qc5 18. Qg3 O-O 19. Rd4 Bc6 20.
Rad1 a5 21. a4 b5 22. axb5 Bxb5 23. Bxh7+ Nxh7 24. cxb5 Qxb5 25. Rg4 g6 26.
Ne5 Qe2 27. Rgd4 a4 28. h3 Qh5 29. bxa4 Rxa4 30. R4d2 Nf6 31. Rd8 Ra8 32.
R8d4 Kg7 33. Nd7 Nxd7 34. Rxd7 Ra5 35. Qb3 Qe5 36. g3 Ra1 37. Rxa1 Qxa1+
38. Kh2 Qf6 39. Qe3 Rd8 40. Rxd8 Qxd8 1/2-1/2

[Event "45th Capablanca Mem Open"]
[Site "Havana CUB"]
[Date "2010.06.19"]
[Round "9"]
[White "Sanchez Alvarez,R"]
[Black "Cueto Rodriguez,Y"]
[Result "1-0"]
[WhiteElo "2330"]
[BlackElo "2134"]
[EventDate "2010.06.10"]

1. d4 e6 2. c4 f5 3. Nc3 Nf6 4. Nf3 d5 5. Bf4 c6 6. e3 Bd6 7. Ne5 O-O 8.
Bd3 Qe7 9. c5 Bc7 10. b4 Ne4 11. Nxe4 fxe4 12. Be2 Qd8 13. O-O Nd7 14. f3
Nxe5 15. dxe5 exf3 16. Rxf3 Bd7 17. Bd3 Be8 18. Qc2 Bg6 19. Bxg6 hxg6 20.
Qxg6 Qe8 21. Qg4 Rf5 22. Rh3 Bd8 23. Rf1 Qf7 24. Rhf3 Qh5 25. Qxh5 Rxh5 26.
g4 Rh7 27. e4 dxe4 28. Re3 g5 29. Bg3 a5 30. a3 axb4 31. axb4 b6 32. Rxe4
bxc5 33. Rc4 Rd7 34. Bf2 Be7 35. Bxc5 Bxc5+ 36. Rxc5 Rd4 37. h3 Rd3 38. Kg2
Raa3 39. Rf6 Rg3+ 40. Kf1 Rgb3 41. Rxc6 Rb2 42. Rf2 Rxb4 43. Rxe6 Rxh3 44.
Rg6+ Kh7 45. Rxg5 Rb1+ 46. Kg2 Rbh1 47. e6 R1h2+ 48. Kf1 Rh1+ 49. Ke2 Ra3
50. e7 Ra2+ 51. Kd3 Rh3+ 52. Kc4 Ra4+ 53. Kc5 Ra5+ 54. Kb6 Rxg5 55. Rf7+
Kh6 56. e8=Q Rb3+ 57. Kc7 Rc3+ 58. Kd8 Rg8 59. g5+ 1-0

[Event "45th Capablanca Mem Open"]
[Site "Havana CUB"]
[Date "2010.06.19"]
[Round "9"]
[White "Llorente Pupo, Ramon"]
[Black "Morales Romero,R"]
[Result "0-1"]
[WhiteElo "2338"]
[BlackElo "2277"]
[EventDate "2010.06.10"]

1. e4 c5 2. Nf3 d6 3. d4 cxd4 4. Nxd4 Nf6 5. Nc3 g6 6. Be3 Bg7 7. f3 Nc6 8.
Qd2 O-O 9. O-O-O d5 10. Qe1 e5 11. Nxc6 bxc6 12. exd5 Nxd5 13. Bc4 Be6 14.
Ne4 Qb8 15. Bc5 Rd8 16. g4 h6 17. h4 Nf4 18. Bxe6 Nxe6 19. Bd6 Qb5 20. c3
Nf4 21. Qe3 Rd7 22. Rd2 Rad8 23. Rhd1 Qa6 24. Kb1 Nd5 25. Qd3 Qxd3+ 26.
Rxd3 f5 27. gxf5 gxf5 28. Nc5 Rxd6 29. c4 e4 30. fxe4 fxe4 0-1

[Event "45th Capablanca Mem Open"]
[Site "Havana CUB"]
[Date "2010.06.19"]
[Round "9"]
[White "Infante,M"]
[Black "Ordunez Echarte,D"]
[Result "0-1"]
[WhiteElo "2277"]
[BlackElo "2322"]
[EventDate "2010.06.10"]

1. Nf3 Nf6 2. c4 e6 3. Nc3 Bb4 4. Qc2 O-O 5. a3 Bxc3 6. Qxc3 b6 7. e3 Bb7
8. b4 Ne4 9. Qc2 a5 10. Bb2 axb4 11. axb4 Rxa1+ 12. Bxa1 Qe7 13. Qb2 f5 14.
d3 Nf6 15. Be2 Na6 16. b5 Nc5 17. Qc2 Ng4 18. O-O d6 19. h3 Nh6 20. Nd4 e5
21. Nc6 Bxc6 22. bxc6 Nf7 23. d4 Ne4 24. Bd3 Qh4 25. Rd1 exd4 26. exd4 Nfg5
27. d5 Re8 28. Bxe4 fxe4 29. Qc3 Re5 30. Rf1 Nf3+ 31. Kh1 Rg5 32. Qe3 Rh5
33. Bb2 Qg4 0-1